| 000 | 01091nab a2200253 i 4500 | ||
|---|---|---|---|
| 001 | 179993 | ||
| 003 | ES-MaACL | ||
| 005 | 20250827063229.0 | ||
| 008 | 120313e1913 sp | p|| 100 ||spa d | ||
| 100 | 1 |
_aMoret, Segismundo, _d1833-1913 _eaut _9162747 |
|
| 245 | 1 | 0 |
_aJosé Bonaparte : _b[conferencia leída en el Ateneo de Madrid, organizada por el presidente de la Sección de Ciencias Históricas] / _cpor Segismundo Moret |
| 300 | _aPáginas 4-30 | ||
| 594 | _5Precede al título: Conferencias del Ateneo de Madrid, 1912 | ||
| 599 | _aRetrato del autor en portada | ||
| 600 | 0 |
_aJosé _bI, _cRey de España _9200727 |
|
| 610 | 2 | 4 |
_aAteneo de Madrid- _vConferencias- _y1900-1939 _91907 |
| 651 | 4 |
_aEspaña- _xHistoria- _y1808-1814, Guerra de la Independencia _98244 |
|
| 655 | 0 |
_aConferencias _9234444 |
|
| 710 | 2 |
_aAteneo de Madrid. _bSección de Ciencias Históricas _eisb _91981 |
|
| 773 | 0 |
_tLa Palabra : revista taquigráfica, _xISSN 2479-7723, _g1 enero 1913, n. 1, p. 4-30 _w2879 _02879 _92987 |
|
| 942 |
_cANAB _2udc _n0 |
||
| 999 |
_c179993 _d179993 |
||